Stations du métro parisien - sans la lettre a - Statistiques

Statistiques générales
  • Ce quiz a été pris 19 fois
  • Le résultat moyen est 32 sur 78
Statistiques - réponses
Hint Réponse % Correct
Paris_transit_icons_-_M%C3%A9tro_3.svg Paris_transit_icons_-_M%C3%A9tro_5.svg Paris_transit_icons_-_M%C3%A9tro_8.svg Paris_transit_icons_-_M%C3%A9tro_9.svg Paris_transit_icons_-_M%C3%A9tro_11.svg République
76%
Paris_transit_icons_-_M%C3%A9tro_6.svg Paris_transit_icons_-_M%C3%A9tro_14.svg Bercy
71%
Paris_transit_icons_-_M%C3%A9tro_1.svg Paris_transit_icons_-_M%C3%A9tro_11.svg Hôtel de Ville
71%
Paris_transit_icons_-_M%C3%A9tro_7.svg Paris_transit_icons_-_M%C3%A9tro_10.svg Jussieu
71%
Paris_transit_icons_-_M%C3%A9tro_1.svg Paris_transit_icons_-_M%C3%A9tro_8.svg Paris_transit_icons_-_M%C3%A9tro_12.svg Concorde
65%
Paris_transit_icons_-_M%C3%A9tro_4.svg Paris_transit_icons_-_M%C3%A9tro_10.svg Odéon
65%
Paris_transit_icons_-_M%C3%A9tro_2.svg Rome
65%
Paris_transit_icons_-_M%C3%A9tro_2.svg Paris_transit_icons_-_M%C3%A9tro_11.svg Belleville
59%
Paris_transit_icons_-_M%C3%A9tro_8.svg Paris_transit_icons_-_M%C3%A9tro_9.svg Bonne Nouvelle
59%
Paris_transit_icons_-_M%C3%A9tro_4.svg Cité
59%
Paris_transit_icons_-_M%C3%A9tro_10.svg Paris_transit_icons_-_M%C3%A9tro_13.svg Duroc
59%
Paris_transit_icons_-_M%C3%A9tro_1.svg Louvre-Rivoli
59%
Paris_transit_icons_-_M%C3%A9tro_2.svg Couronnes
53%
Paris_transit_icons_-_M%C3%A9tro_6.svg Kléber
53%
Paris_transit_icons_-_M%C3%A9tro_3.svg Louise Michel
53%
Paris_transit_icons_-_M%C3%A9tro_9.svg Paris_transit_icons_-_M%C3%A9tro_13.svg Miromesnil
53%
Paris_transit_icons_-_M%C3%A9tro_6.svg Picpus
53%
Paris_transit_icons_-_M%C3%A9tro_7.svg Paris_transit_icons_-_Tram_3a.svg Paris_transit_icons_-_Tram_9.svg Porte de Choisy
53%
Paris_transit_icons_-_M%C3%A9tro_13.svg Paris_transit_icons_-_M%C3%A9tro_14.svg Paris_transit_icons_-_RER_C.svg Paris_transit_icons_-_Tram_3b.svg Porte de Clichy
53%
Paris_transit_icons_-_M%C3%A9tro_1.svg Paris_transit_icons_-_Tram_3a.svg Paris_transit_icons_-_Tram_3b.svg Porte de Vincennes
53%
Paris_transit_icons_-_M%C3%A9tro_3.svg Sentier
53%
Paris_transit_icons_-_M%C3%A9tro_2.svg Victor Hugo
53%
Paris_transit_icons_-_M%C3%A9tro_2.svg Paris_transit_icons_-_M%C3%A9tro_3.svg Villiers
53%
Paris_transit_icons_-_M%C3%A9tro_3.svg Bourse
47%
Paris_transit_icons_-_M%C3%A9tro_8.svg Créteil - Université
47%
Paris_transit_icons_-_M%C3%A9tro_13.svg Liège
47%
Paris_transit_icons_-_M%C3%A9tro_3.svg Paris_transit_icons_-_RER_C.svg Pereire
47%
Paris_transit_icons_-_M%C3%A9tro_7.svg Paris_transit_icons_-_Tram_3a.svg Porte d'Ivry
47%
Paris_transit_icons_-_M%C3%A9tro_8.svg Paris_transit_icons_-_Tram_3a.svg Porte Dorée
47%
Paris_transit_icons_-_M%C3%A9tro_11.svg Pyrénées
47%
Paris_transit_icons_-_M%C3%A9tro_4.svg Simplon
47%
Paris_transit_icons_-_M%C3%A9tro_12.svg Paris_transit_icons_-_RER_C.svg Solférino
47%
Paris_transit_icons_-_M%C3%A9tro_2.svg Ternes
47%
Paris_transit_icons_-_M%C3%A9tro_1.svg Tuileries
47%
Paris_transit_icons_-_M%C3%A9tro_6.svg Dugommier
41%
Paris_transit_icons_-_M%C3%A9tro_3.svg Europe
41%
Paris_transit_icons_-_M%C3%A9tro_5.svg Ourcq
41%
Paris_transit_icons_-_M%C3%A9tro_7.svg Pont Neuf
41%
Paris_transit_icons_-_M%C3%A9tro_1.svg Paris_transit_icons_-_M%C3%A9tro_8.svg Reuilly-Diderot
41%
Paris_transit_icons_-_M%C3%A9tro_8.svg Paris_transit_icons_-_M%C3%A9tro_9.svg Richelieu-Drouot
41%
Paris_transit_icons_-_M%C3%A9tro_6.svg Sèvres-Lecourbe
41%
Paris_transit_icons_-_M%C3%A9tro_3.svg Temple
41%
Paris_transit_icons_-_M%C3%A9tro_2.svg Courcelles
35%
Paris_transit_icons_-_M%C3%A9tro_8.svg Créteil - Préfecture
35%
Paris_transit_icons_-_M%C3%A9tro_1.svg Georges V
35%
Paris_transit_icons_-_M%C3%A9tro_5.svg Hoche
35%
Paris_transit_icons_-_M%C3%A9tro_7.svg Le Kremlin-Bicêtre
35%
Paris_transit_icons_-_M%C3%A9tro_8.svg Lourmel
35%
Paris_transit_icons_-_M%C3%A9tro_13.svg Pernety
35%
Paris_transit_icons_-_M%C3%A9tro_7.svg Poissonnière
35%
Paris_transit_icons_-_M%C3%A9tro_1.svg Pont de Neuilly
35%
Paris_transit_icons_-_M%C3%A9tro_9.svg Paris_transit_icons_-_Tram_3b.svg Porte de Montreuil
35%
Paris_transit_icons_-_M%C3%A9tro_12.svg Rennes
35%
Paris_transit_icons_-_M%C3%A9tro_10.svg Ségur
35%
Paris_transit_icons_-_M%C3%A9tro_6.svg Boissière
29%
Paris_transit_icons_-_M%C3%A9tro_8.svg Chemin Vert
29%
Paris_transit_icons_-_M%C3%A9tro_12.svg Corentin Celton
29%
Paris_transit_icons_-_M%C3%A9tro_7.svg Crimée
29%
Paris_transit_icons_-_M%C3%A9tro_6.svg Dupleix
29%
Paris_transit_icons_-_M%C3%A9tro_11.svg Goncourt
29%
Paris_transit_icons_-_M%C3%A9tro_13.svg Guy Moquêt
29%
Paris_transit_icons_-_M%C3%A9tro_7.svg Le Peletier
29%
Paris_transit_icons_-_M%C3%A9tro_13.svg Paris_transit_icons_-_Tram_1.svg Les Courtilles
29%
Paris_transit_icons_-_M%C3%A9tro_4.svg Mouton-Duvernet
29%
Paris_transit_icons_-_M%C3%A9tro_3bis.svg Pelleport
29%
Paris_transit_icons_-_M%C3%A9tro_7.svg Riquet
29%
Paris_transit_icons_-_M%C3%A9tro_8.svg Commerce
24%
Paris_transit_icons_-_M%C3%A9tro_12.svg Convention
24%
Paris_transit_icons_-_M%C3%A9tro_12.svg Jules Joffrin
24%
Paris_transit_icons_-_M%C3%A9tro_8.svg Ledru-Rollin
24%
Paris_transit_icons_-_M%C3%A9tro_7.svg Les Gobelins
24%
Paris_transit_icons_-_M%C3%A9tro_11.svg Paris_transit_icons_-_RER_E.svg Rosny-Bois-Perrier
24%
Paris_transit_icons_-_M%C3%A9tro_9.svg Rue des Boulets
24%
Paris_transit_icons_-_M%C3%A9tro_12.svg Trinité d'Estienne d'Orves
24%
Paris_transit_icons_-_M%C3%A9tro_8.svg Liberté
18%
Paris_transit_icons_-_M%C3%A9tro_8.svg Michel Bizot
18%
Paris_transit_icons_-_M%C3%A9tro_9.svg Pont de Sèvres
18%
Paris_transit_icons_-_M%C3%A9tro_9.svg Robespierre
18%
Aucun quiz correspondant
Distribution des résultats
% des personnes avec chaque résultat
Percentile par nombre de réponses
Votre historique - résultats
Vous n’avez pas pris ce quiz